000 00624nam a22002057a 4500
005 20130814151410.0
008 130814b2012 ck ||||| |||| 00| 0 spa d
020 _a9789588067568
041 _aspa
044 _ack
082 _a628.53
_bI193i
110 1 0 _aIDEAM
_91570
245 1 0 _aInforme de la calidad del aireen Colombia 2007-2010
_cIDEAM
260 _aBogotá
_bIDEAM
_c2012
300 _a291 p.
_bil., tablas
_c28 cm.
504 _aIncluye referencias bibliográficas, glosario e índice
650 _aCalidad del aire
_zColombia
_91571
650 _aContaminación del aire
_zColombia
_91572
942 _2ddc
_cImpreso
999 _c7567
_d7567